ბათუმის შოთა რუსთაველის სახელმწიფო უნივერსიტეტის ბიბლიოთეკა

Guide to English Language Programs:Worldwide Training for International students. (ბიბ.ჩანაწერი № 43815)

000 -LEADER
fixed length control field 00716nam a2200217Ia 4500
001 - CONTROL NUMBER
control field 10560
003 - CONTROL NUMBER IDENTIFIER
control field GE_BSU
005 - DATE AND TIME OF LATEST TRANSACTION
control field 20221116145713.0
008 - FIXED-LENGTH DATA ELEMENTS--GENERAL INFORMATION
fixed length control field 181216s2000en xx |||||||||||||| ||eng||
020 ## - INTERNATIONAL STANDARD BOOK NUMBER
International Standard Book Number 0768902754 x
040 ## - CATALOGING SOURCE
Transcribing agency GE_BSU
041 ## - LANGUAGE CODE
Language code of text/sound track or separate title eng
080 ## - UNIVERSAL DECIMAL CLASSIFICATION NUMBER
Universal Decimal Classification number 811.111 G-94
245 ## - TITLE STATEMENT
Title Guide to English Language Programs:Worldwide Training for International students.
264 ## - PRODUCTION, PUBLICATION, DISTRIBUTION, MANUFACTURE, AND COPYRIGHT NOTICE
Place of production, publication, distribution, manufacture Canada :
Name of producer, publisher, distributor, manufacturer Peterson's,
Date of production, publication, distribution, manufacture, or copyright notice 2000.
300 ## - PHYSICAL DESCRIPTION
Extent 656 p;
Other physical details 24cm.
Dimensions ill,
300 ## - PHYSICAL DESCRIPTION
Accompanying material .
653 ## - INDEX TERM--UNCONTROLLED
keyword Guide to English Language Programs:Worldwide Training for International students.
653 ## - INDEX TERM--UNCONTROLLED
keyword ინგლისური ენის პროგრამების გზამკვლევი
942 ## - ADDED ENTRY ELEMENTS (KOHA)
Koha item type წიგნი
Source of classification or shelving scheme
ეგზემპლარები
Withdrawn status Lost status Source of classification or shelving scheme Damaged status Not for loan Permanent Location Current Location Shelving location Date acquired Full call number Barcode Date last seen Copy number Price effective from Koha item type
          ბათუმის შოთა რუსთაველის სახელმწიფო უნივერსიტეტის მთავარი ბიბლიოთეკა ბათუმის შოთა რუსთაველის სახელმწიფო უნივერსიტეტის მთავარი ბიბლიოთეკა წიგნსაცავი 2018-12-17 811.111 G-94 12316 2018-12-17 12316 2018-12-17 წიგნი